Conversaciones con un escéptico / (Record no. 97458)
[ view plain ]
| 000 -LEADER | |
|---|---|
| campo de control de longitud fija | 01049nam a2200253 i 4500 |
| 001 - NÚMERO DE CONTROL | |
| campo de control | 97458 |
| 003 - IDENTIFICADOR DE NÚMERO DE CONTROL | |
| campo de control | ES-MaACL |
| 005 - FECHA Y HORA DE LA ÚLTIMA TRANSACCIÓN | |
| campo de control | 20250728110713.0 |
| 007 - CAMPO FIJO DE DESCRIPCIÓN FÍSICA--INFORMACIÓN GENERAL | |
| campo de control de longitud fija | t| |
| 008 - DATOS DE LONGITUD FIJA--INFORMACIÓN GENERAL | |
| campo de control de longitud fija | 050712s1950 sp ||||1| spa d |
| 100 1# - ENTRADA PRINCIPAL--NOMBRE DE PERSONA | |
| Nombre de persona | Marcos, Venancio. |
| 9 (RLIN) | 76516 |
| 245 10 - MENCIÓN DEL TÍTULO | |
| Título | Conversaciones con un escéptico / |
| Mención de responsabilidad, etc. | Venancio Marcos. |
| 260 ## - PUBLICACIÓN, DISTRIBUCIÓN, ETC. | |
| Lugar de publicación, distribución, etc. | Madrid : |
| Nombre del editor, distribuidor, etc. | [s.n.], |
| Fecha de publicación, distribución, etc. | 1950 ( |
| Fabricante | Artes Gráficas Sol) |
| 300 ## - DESCRIPCIÓN FÍSICA | |
| Extensión | 238 p. ; |
| Dimensiones | 20 cm. |
| 490 1# - MENCIÓN DE SERIE | |
| Mención de serie | Cuadernos de orientación religiosa. Artículos de Prensa ; |
| Designación de volumen o secuencia | 3 |
| 510 ## - NOTA DE CITAS O REFERENCIAS BIBLIOGRÁFICAS | |
| Nombre de la fuente | CCPB, |
| Localización dentro de la fuente | 000889246-6. |
| 650 #7 - PUNTO DE ACCESO ADICIONAL DE MATERIA--TÉRMINO DE MATERIA | |
| Término de materia o nombre geográfico como elemento de entrada | Religión |
| Fuente del encabezamiento o término | embne |
| 9 (RLIN) | 16797 |
| 830 0# - PUNTO DE ACCESO ADICIONAL DE SERIE-TÍTULO UNIFORME | |
| Título uniforme | Cuadernos de orientación religiosa. Artículos de Prensa ; |
| Designación de volumen o secuencia | 3 |
| 9 (RLIN) | 232285 |
| 852 ## - LOCALIZACIÓN | |
| Ubicación | ES-MaACL |
| Número de control de estantería | D-6277 |
| Sublocalización o colección | R.30072 |
| -- | R.M.5872 |
| itemnumber | 101063 |
| Ubicación en estantería | Sala Valle Inclán |
| Marcas de propiedad | Sello en tinta azul de la Biblioteca del Ateneo de Madrid. |
| Donativo/Legado | Sello en tinta: "Donativo". |
| condición física | Encuadernación con roturas. |
| 942 ## - ELEMENTOS DE ENTRADA SECUNDARIOS (KOHA) | |
| Fuente del sistema de clasificación o colocación | Clasificación decimal universal |
| Tipo de ítem Koha | Libro impreso |
| Estatus retirado | Estado de pérdida | Estado de daño | No para préstamo | Biblioteca de origen | Biblioteca actual | Ubicación en estantería | Fecha de adquisición | Fuente de adquisición | Total de préstamos | Signatura topográfica completa | Código de barras | Visto por última vez | Precio de reemplazo | Tipo de ítem Koha |
|---|---|---|---|---|---|---|---|---|---|---|---|---|---|---|
| Biblioteca del Ateneo de Madrid | Biblioteca del Ateneo de Madrid | Sala Valle Inclán | 17/01/2008 | D-6277 | 901101741 | 23/02/2023 | 23/02/2023 | Libro impreso |
